000 01728nam0a2200337 4500
001 RU\NLR\BIBL_A\011442522
005 20241105195707.0
010 _a9785990977273
_91300
021 _aRU
_b2017-48456
_93476
035 _a(RuMoRGB)008926990
035 _a(NLR Aleph) 011442522
090 _a11710593
_c11710593
100 _a20170724d2017 k y0rusy50 ca
101 0 _arus
102 _aRU
105 _aach|z 000zy
200 1 _aУКБТМ. 75 лет тагильской школе танкостроения
_fД. Г. Колмаков, С. В. Устьянцев
210 _aЕкатеринбург
_cАО "Научно-производственная корпорация "Уралвагонзавод"
_d2017
215 _a219 с.
_cил., цв. ил., портр., факс.
_d28
225 1 _aБиблиотека танкпрома
_fпред. ред. совета Бачурин А.В.
320 _aБиблиогр.: с. 208-219
517 1 _a75 лет тагильской школе танкостроения
601 0 2 _aУральское конструкторское бюро транспортного машиностроения
_cНижний Тагил, город (Свердловская область)
_92342069
_3RU\NLR\AUTH\6601623321
686 1 _aЦ531.11-2л(2)2
700 1 _aКолмаков
_bД. Г.
_gДмитрий Геннадьевич
701 1 _aУстьянцев
_bС. В.
_gСергей Викторович
942 _cBOOK
980 _aNBR